Estadística comercial de la República de Chile correspondiente al año de 1889

Na minha lista:
Detalhes bibliográficos
Formato: Livro
Idioma:espanhol
Publicado em: Valparaíso s.n 1890
Assuntos:
Tags: Adicionar Tag
Sem tags, seja o primeiro a adicionar uma tag!

MARC

LEADER 00000nam a2200000 a 4500
001 UCM0638
003 CL-VaPUC
008 020301e18900000cl |||||||||||||||||spa|d
082 0 4 |a 310.983  |b EST  |2 21 
245 1 0 |a Estadística comercial de la República de Chile correspondiente al año de 1889 
300 |a 767 p 
942 |c BK 
945 |d 20020301 00:00:00  |a cmena 
260 |a Valparaíso  |b s.n  |c 1890 
650 7 |a ESTADISTICAS COMERCIALES  |2 CL-VaPUC  |9 430465 
650 0 |a Comercio  |9 255341 
650 7 |a IMPORTACIONES  |2 CL-VaPUC  |9 359079 
650 7 |a COMERCIO INTERNACIONAL  |2 CL-VaPUC  |9 467582 
650 7 |a ESTADISTCIAS 1892  |2 CL-VaPUC  |9 455799 
651 7 |a CHILE  |2 CL-VaPUC  |9 467583 
583 |a last modification  |c 20180109 10:28:15  |k Rodrigo Vera 
999 |c 299513  |d 299511 
952 |0 0  |1 0  |4 0  |6 310_983000000000000_EST_1890  |7 0  |8 X  |9 356108  |a BIBHIS  |b BIBHIS  |d 2019-11-21  |i 3636763  |o 310.983 EST 1890  |p 3636763  |r 2024-01-30  |w 2019-11-21  |y BK_X  |k HIS